Central Library OPAC University of Rajshahi

A disquisition on government : (Record no. 46463)

MARC details
000 -LEADER
fixed length control field 00918nam a2200253 a 4500
001 - CONTROL NUMBER
control field 46463
003 - CONTROL NUMBER IDENTIFIER
rucl marc code BD-RjUL
005 - DATE AND TIME OF LATEST TRANSACTION
control field 20211209054145.0
008 - FIXED-LENGTH DATA ELEMENTS--GENERAL INFORMATION
fixed length control field 160802s1953 nyu 000 0 eng d
035 ## - SYSTEM CONTROL NUMBER
System control number (BD-RjUL)46581
040 ## - CATALOGING SOURCE
Original cataloging agency DLC
Transcribing agency AKR
Modifying agency OCL
-- SLU
-- BD-RjUL
Language of cataloging eng
041 ## - LANGUAGE CODE
Language code of text/sound track or separate title eng
082 ## - DEWEY DECIMAL CLASSIFICATION NUMBER
Classification number 320
Edition number 23
Author mark and year CAD 1953
100 1# - MAIN ENTRY--PERSONAL NAME
Personal name Calhoun, John C.
9 (RLIN) 141809
245 12 - TITLE STATEMENT
Title A disquisition on government :
Remainder of title and selections from the Discourse /
Statement of responsibility, etc. John C. Calhoun ; edited, with an introduction, by C. Gordon Post.
260 ## - PUBLICATION, DISTRIBUTION, ETC. (IMPRINT)
Place of publication, distribution, etc. New York :
Name of publisher, distributor, etc. Liberal Arts Press ;
Date of publication, distribution, etc. c1953.
300 ## - PHYSICAL DESCRIPTION
Pagination xxxv, 104 p. ;
Size 21 cm.
490 1# - SERIES STATEMENT
Series statement The American heritage series ;
Volume/sequential designation 10
650 #0 - SUBJECT ADDED ENTRY--TOPICAL TERM
Topical term or geographic name as entry element Political science.
9 (RLIN) 141810
651 #0 - SUBJECT ADDED ENTRY--GEOGRAPHIC NAME
Geographic name United States
General subdivision Politics and government.
9 (RLIN) 141811
700 1# - ADDED ENTRY--PERSONAL NAME
Personal name Post, C. Gordon
Fuller form of name (Charles Gordon),
Dates associated with a name 1903-
830 #0 - SERIES ADDED ENTRY--UNIFORM TITLE
Uniform title American heritage series (New York, N.Y.) ;
Volume number/sequential designation 10
942 ## - ADDED ENTRY ELEMENTS (KOHA)
Source of classification or shelving scheme Dewey Decimal Classification
Koha item type Books
Holdings
Lost status Source of classification or shelving scheme Damaged status Not for loan Collection code Permanent Location Current Location Shelving location Date acquired Source of acquisition Total Checkouts Full call number Date last seen Copy number Koha item type
  Dewey Decimal Classification     Non-fiction Central Library, University of Rajshahi Central Library, University of Rajshahi   26/09/1956 U.S.I.S.   320 CAD 1953 02/08/2016 C-2 Books
  Dewey Decimal Classification     Non-fiction Central Library, University of Rajshahi Central Library, University of Rajshahi   16/08/1965 Unknown   320 CAD 1953 02/08/2016 C-3 Books